000 00289nam a22001337a 4500
008 180119b xxu||||| |||| 00| 0 eng d
020 _a0803628080
041 _aeng
080 _a610
100 _a4
101 _aSHM
245 _aWorking in Health Care
_cDrafke, M.W
942 _2udc
_cBK
999 _c40565
_d40565